000 00716nam a2200289Ia 4500
005 20260324142110.0
008 008 260324s9999 xx 000 0 eng d
020 _a9780203975510
037 _aEBOOK
040 _aCRL
040 _beng
040 _cCRL
041 _2eng
041 _aeng
084 _qCRL
100 _aAndrew Fraser; R. H. P. Mason; Philip Mitchell
_91210684
245 0 _aJapan's Early Parliaments, 1890-1905
245 0 _bStructure, Issues and Trends
260 _bTaylor and Francis
260 _c1995
365 _a
365 _b230
856 _uhttp://www.taylorfrancis.com/books/9780203975510
942 _cEBOOK
999 _c1814485
_d1814485